Seven Categories - Society I - Statistics

General Stats
  • This quiz has been taken 17 times
  • The average score is 9 of 20
Answer Stats
Question Answer % Correct
Made from fermented vegetables (especially cabbage), which spicy condiment is considered the basis of Korean food? Kimchi
79%
What is the birth sign in Western astrology of those born on Valentine's Day? Aquarius
64%
Kirsch is a drink distilled from which fruit? Cherry
64%
What term designates an economic imbalance that results in a sustained rise in the prices of goods and services, reflected in a reduction in purchasing power per monetary unit? Inflation
64%
What is the name of a religious system where there is belief in more than one deity, with each one being considered an individual and independent entity? Polytheism
64%
Alexey Pajitnov became known as the inventor of what classic computer game, whose standard pieces come in I, J, L, O, S and T-shapes? Tetris
64%
Nicola Sturgeon was elected prime minister of which territory in 2014? Scotland
57%
Which US multinational retail company is the world's largest company in terms of revenue? It is also the private company with the largest number of employees. Walmart
57%
What was the name of the computer that beat world champion Garry Kasparov in 1996 and 1997? Deep Blue
43%
Which personality was accused of plagiarising a 2008 speech by Michelle Obama during the 2016 US presidential race? Melania Trump
36%
Having lived during the 15th and 16th centuries in Florence, who is considered the Father of Modern Political Science? Niccolò Machiavelli
36%
What does the Q stand for in the name of QANTAS Airlines? Queensland
36%
Which service allows you to watch a video file at the same time as it is downloaded, without taking up space on your hard disk? Streaming
36%
Marking the transition from childhood to adulthood, what is the name of the traditional birthday party for 15-year-old girls in Latin American countries? Quinceañera
29%
Which animal is behind the name and logo of Mozilla Firefox? Red Panda
29%
Hashi is the native name of what common object around the world? Chopsticks
21%
Which licensed doctor gave up practising medicine to pursue a career as an actor in films such as 'The Hangover' and 'Crazy Rich Asians', as well as taking part on the panel in the American version of 'The Masked Singer'? Ken Jeong
21%
Traditionally, what type of tea is used in Japan during the tea ceremony? Matcha
21%
Rabbids are cartoon rabbits with their own video game franchise, but they first appeared in the video games of which other character? Rayman
21%
The Alto, the first computer with a mouse and a graphical user interface (GUI), was developed by which company in 1973? Xerox
14%
No matching quizzes found
Score Distribution
Percent of People with Each Score
Percentile by Number Answered
Your Score History
You have not taken this quiz